DEVELOPMENT AND ENVIRONMENTAL POLICY IN (Record no. 30083)
[ view plain ]
| 000 -LEADER | |
|---|---|
| fixed length control field | 00339nam a2200133Ia 4500 |
| 008 - FIXED-LENGTH DATA ELEMENTS--GENERAL INFORMATION | |
| fixed length control field | 240624s9999 xx 000 0 und d |
| 041 ## - LANGUAGE CODE | |
| Language code of text/sound track or separate title | eng |
| 082 ## - DEWEY DECIMAL CLASSIFICATION NUMBER | |
| Classification number | 338.9 CHO |
| 100 ## - MAIN ENTRY--PERSONAL NAME | |
| Personal name | CHOPRA KANCHAN |
| 245 ## - TITLE STATEMENT | |
| Title | DEVELOPMENT AND ENVIRONMENTAL POLICY IN |
| 260 ## - PUBLICATION, DISTRIBUTION, ETC. | |
| Date of publication, distribution, etc. | 2017 |
| Place of publication, distribution, etc. | London |
| Name of publisher, distributor, etc. | Springer |
| 300 ## - PHYSICAL DESCRIPTION | |
| Extent | xi, 72 p.; 23 cm. |
| 365 ## - TRADE PRICE | |
| Currency code | ERU |
| Price amount | 30 |
| Withdrawn status | Lost status | Damaged status | Not for loan | Home library | Current library | Shelving location | Date acquired | Cost, normal purchase price | Total Checkouts | Full call number | Barcode | Date last seen | Date last checked out | Copy number | Price effective from | Koha item type |
|---|---|---|---|---|---|---|---|---|---|---|---|---|---|---|---|---|
| IMTN | IMTN | Rack 13-A | 12/06/2017 | 49.99 | 2 | 338.9 CHO | 30083 | 10/29/2025 | 10/05/2025 | 79.5 | 06/24/2024 | Books |